LEADER 03073oas 2201201 a 450 001 9910143854403321 005 20260218110339.0 011 $a2168-8737 035 $a(OCoLC)40463615 035 $a(CONSER)sn 98023317 035 $a(CKB)954925593469 035 $a(DE-599)1478737-4 035 $a(EXLCZ)99954925593469 100 $a19981209a19919999 uy a 101 0 $aeng 135 $aurcnu|||||||| 181 $ctxt$2rdacontent 182 $cc$2rdamedia 183 $acr$2rdacarrier 200 04$aThe annals of applied probability $ean official journal of the Institute of Mathematical Statistics 210 1$aHayward, Calif. :$cInstitute of Mathematical Statistics,$d1991- 215 $a1 online resource 300 $aRefereed/Peer-reviewed 311 1 $a1050-5164 531 0 $aAnn. appl. probab. 606 $aProbabilities$vPeriodicals 606 $aProbability$3(DNLM)D011336 606 $aProbability$xperiodicals 606 $aProbabilite?s$3(CaQQLa)201-0011592$vPe?riodiques$3(CaQQLa)201-0378307 606 $aProbabilite?s$3(CaQQLa)201-0011592 606 $aprobability$2aat$3(CStmoGRI)aat300055653 606 $aProbabilities$2fast$3(OCoLC)fst01077737 606 $aWahrscheinlichkeitsrechnung$2gnd$3(DE-588)4064324-4 606 $aZeitschrift$2gnd$3(DE-588)4067488-5 606 $aWaarschijnlijkheidstheorie$2gtt 606 $aToepassingen$2gtt 608 $aperiodicals.$2aat 608 $aPeriodicals.$2fast 608 $aPeriodicals.$2lcgft 608 $aPe?riodiques.$2rvmgf 615 0$aProbabilities 615 2$aProbability. 615 2$aProbability$xperiodicals. 615 6$aProbabilite?s 615 6$aProbabilite?s. 615 7$aprobability. 615 7$aProbabilities. 615 7$aWahrscheinlichkeitsrechnung 615 7$aZeitschrift. 615 17$aWaarschijnlijkheidstheorie. 615 17$aToepassingen. 676 $a519.2/05 712 02$aInstitute of Mathematical Statistics, 801 0$bEYM 801 1$bEYM 801 2$bOCLCQ 801 2$bEEM 801 2$bDLC 801 2$bOCLCQ 801 2$bOCLCO 801 2$bGBVCP 801 2$bOCLCQ 801 2$bOCLCF 801 2$bOCLCO 801 2$bOCLCQ 801 2$bDEBBG 801 2$bGILDS 801 2$bVT2 801 2$bOCLCO 801 2$bNJT 801 2$bCUI 801 2$bOCLCQ 801 2$bUAB 801 2$bJ9U 801 2$bT5N 801 2$bRCE 801 2$bUKBTH 801 2$bOCLCL 801 2$bEZN 801 2$bS2H 801 2$bBRL 801 2$bUUM 801 2$bVLY 801 2$bUEJ 801 2$bOCLCE 801 2$bLND 801 2$bLUO 801 2$bMOR 801 2$bTOF 801 2$bAU@ 801 2$bCNTRU 801 2$bM6U 801 2$bCCO 801 2$bCEF 801 2$bSCOUT 801 2$bWAU 801 2$bOCLCQ 801 2$bOCLCL 801 2$bOCLCQ 906 $aJOURNAL 912 $a9910143854403321 996 $aAnnals of applied probability$9801005 997 $aUNINA